Tıp tarihi araştırmaları 13 = (Record no. 7576)

000 -LEADER
fixed length control field 00848nmm a2200265 a 4500
001 - CONTROL NUMBER
control field ocm000701622
003 - CONTROL NUMBER IDENTIFIER
control field TR-IsHL
005 - DATE AND TIME OF LATEST TRANSACTION
control field 20201028141002.0
008 - FIXED-LENGTH DATA ELEMENTS--GENERAL INFORMATION
fixed length control field 131219s2005 tu tur
007 - PHYSICAL DESCRIPTION FIXED FIELD--GENERAL INFORMATION
fixed length control field cr cn
035 ## - SYSTEM CONTROL NUMBER
System control number 701622
-- (N$T)
050 04 - LIBRARY OF CONGRESS CALL NUMBER
Classification number WZ70
Item number .T57 2005
090 04 - LOCALLY ASSIGNED LC-TYPE CALL NUMBER (OCLC); LOCAL CALL NUMBER (RLIN)
Classification number (OCLC) (R) ; Classification number, CALL (RLIN) (NR) WZ70
Local cutter number (OCLC) ; Book number/undivided call number, CALL (RLIN) .T57 2005
245 10 - TITLE STATEMENT
Title Tıp tarihi araştırmaları 13 =
Remainder of title History of medicine studies 13
Medium [electronic resource] /
Statement of responsibility, etc. ed. Hüsrev Hatemi, Aykut Kazancıgil
260 ## - PUBLICATION, DISTRIBUTION, ETC.
Place of publication, distribution, etc. İstanbul :
Name of publisher, distributor, etc. Yüce Yayınları,
Date of publication, distribution, etc. 2005
300 ## - PHYSICAL DESCRIPTION
Extent 302 p.
650 #4 - SUBJECT ADDED ENTRY--TOPICAL TERM
Topical term or geographic name entry element Tıp
650 #4 - SUBJECT ADDED ENTRY--TOPICAL TERM
Topical term or geographic name entry element Medicine
650 #0 - SUBJECT ADDED ENTRY--TOPICAL TERM
Topical term or geographic name entry element Tıp
General subdivision Tarih
650 #0 - SUBJECT ADDED ENTRY--TOPICAL TERM
Topical term or geographic name entry element Medicine
General subdivision History
650 #7 - SUBJECT ADDED ENTRY--TOPICAL TERM
Topical term or geographic name entry element MEDICAL / History
Source of heading or term bisacsh
700 1# - ADDED ENTRY--PERSONAL NAME
Personal name Hatemi, Hüsrev
700 1# - ADDED ENTRY--PERSONAL NAME
Personal name Kazancıgil, Aykut
856 40 - ELECTRONIC LOCATION AND ACCESS
Uniform Resource Identifier <a href="http://search.ebscohost.com/login.aspx?direct=true&scope=site&db=e011xww&AN=701622">http://search.ebscohost.com/login.aspx?direct=true&scope=site&db=e011xww&AN=701622</a>
Holdings
Withdrawn status Lost status Source of classification or shelving scheme Damaged status Not for loan Collection code Permanent Location Current Location Date acquired Total Checkouts Full call number Barcode Date last seen Price effective from Koha item type
        Online   Kıbrıs Amerikan Üniversitesi Kütüphanesi / American University of Cyprus Kıbrıs Amerikan Üniversitesi Kütüphanesi / American University of Cyprus 28.10.2020   WZ70 .T57 2005 701622 28.10.2020 28.10.2020 E-Kitap
Devinim Yazılım Eğitim Danışmanlık tarafından Koha'nın orjinal sürümü uyarlanarak geliştirilip kurulmuştur.